| 000 | 00498nam a2200169Ia 4500 | ||
|---|---|---|---|
| 008 | 230917s9999||||xx |||||||||||||| ||und|| | ||
| 020 | _cRS895 | ||
| 040 |
_e254506 _aMAIN |
||
| 041 | _aEnglish | ||
| 082 | _a301.446 C393T | ||
| 100 | _aChaudhary, S N | ||
| 245 | 0 | _aTribes, castes and development: Scenario in three villages of Madhya Pradesh | |
| 260 |
_aJaipur _bRawat Publications _c2018 |
||
| 300 | _aix, 206 p. | ||
| 500 | _a3430 14/02/2019 HBD19/7767 27/02/2019 Main Budget | ||
| 942 | _cBK | ||
| 999 |
_c30584 _d30584 |
||